00406 a2200109 4500001001000000005001700010008004100027245014500068100001900213773004700232999001700279ART_6011220260410162052.0260409a 10aComentarios al proyecto de ley del régimen de regularización excepcional de obligaciones tributarias, aduaneras y de la seguridad social1 aDiez, Fernando0 tImpuestosg- N° 164 (ene. 2024)wREV45175 c35912d35912